000 01588cam a2200349 i 4500
001 20141722
003 CSPC
005 20250207105419.0
008 171114s2018 nyu 000 1 eng
010 _a 2017053852
020 _a9781501193323
_q(softcover)
040 _aDLC
_beng
_cDLC
_erda
_dDLC
_dCSPC
042 _apcc
050 0 0 _aPS3608.O623
_bA45 2018
100 1 _aHoover, Colleen,
_eauthor.
245 1 0 _aAll your perfects :
_ba novel /
_cColleen Hoover.
250 _aFirst Atria paperback edition.
264 1 _aNew York :
_bAtria Paperback,
_c2018.
300 _a308 pages ;
_c21 cm.
336 _atext
_btxt
_2rdacontent
337 _aunmediated
_bn
_2rdamedia
338 _avolume
_bnc
_2rdacarrier
520 _aColleen Hoover, #1 New York Times bestselling author of It Ends with Us, delivers her highly anticipated new novel All Your Perfects, a tour de force about a troubled marriage and the one old forgotten promise that might be able to save it.
650 4 _aMarriage
_xFiction.
650 4 _aSecrecy
_xFiction.
650 4 _aMarried people
_xFiction.
776 0 8 _iOnline version:
_aHoover, Colleen, author.
_tAll your perfects
_bFirst Atria Books hardcover edition.
_dNew York : Atria Books, 2018
_z9781501171604
_w(DLC) 2017055146
906 _a7
_bcbc
_corignew
_d1
_eecip
_f20
_gy-gencatlg
942 _2ddc
_n0
_cBK
_e23
_h813.6
_iH769a
_kFIC
_m2018
999 _c28766
_d28766